Osteuropa (Record no. 5511)

MARC details
000 -LEADER
fixed length control field 00500nas a22001937i 4500
001 - CONTROL NUMBER
control field 5774
003 - CONTROL NUMBER IDENTIFIER
control field OSt
005 - DATE AND TIME OF LATEST TRANSACTION
control field 20170126082349.0
007 - PHYSICAL DESCRIPTION FIXED FIELD--GENERAL INFORMATION
fixed length control field tu
008 - FIXED-LENGTH DATA ELEMENTS--GENERAL INFORMATION
fixed length control field 161220s xxu||||| |||| 00| 0 d
022 ## - INTERNATIONAL STANDARD SERIAL NUMBER
International Standard Serial Number 0030-6428
024 7# - OTHER STANDARD IDENTIFIER
Standard number or code 5774
Source of number or code RID
024 7# - OTHER STANDARD IDENTIFIER
Standard number or code 5774
Source of number or code RSN (alt)
040 ## - CATALOGING SOURCE
Transcribing agency OSt
110 2# - MAIN ENTRY--CORPORATE NAME
Corporate name or jurisdiction name as entry element Deutsche Gesellschaft für Osteuropakunde
245 00 - TITLE STATEMENT
Title Osteuropa
Remainder of title Zeitschrift für Gegenwartsfragen des Osten
260 ## - PUBLICATION, DISTRIBUTION, ETC.
Place of publication, distribution, etc. Stuttgart :
Name of publisher, distributor, etc. Deutsche Verlags-Anstalt.
866 #0 - TEXTUAL HOLDINGS--BASIC BIBLIOGRAPHIC UNIT
-- 1991 41/1 - 1996 46/9
942 ## - ADDED ENTRY ELEMENTS (KOHA)
Koha item type Journal
Holdings
Withdrawn status Lost status Damaged status Not for loan Home library Current library Shelving location Date acquired Inventory number Total Checkouts Barcode Date last seen Price effective from Koha item type
        WIIW WIIW Library 08/04/2004 5774   10001025 01/26/2017 01/26/2017 Journal
The Vienna Instiute for International Economic Studies (wiiw)